Κοινωνιολογία

Αποθηκεύτηκε σε:
Λεπτομέρειες βιβλιογραφικής εγγραφής
Κύριος συγγραφέας: Morin, Edgar
Άλλοι συγγραφείς: Δημουλάς, Δημήτρης (Μεταφραστής)
Μορφή: Βιβλίο
Γλώσσα:Greek
French
Δημοσίευση: Αθήνα : Εκδόσεις του Εικοστού Πρώτου, c1998.
Θέματα:
Ετικέτες: Προσθήκη ετικέτας
Δεν υπάρχουν, Καταχωρήστε ετικέτα πρώτοι!

MARC

LEADER 00000cam a2200000 i 4500
001 1/2462
008 000508s1998 gr | ||| |||| ||gre||
020 |a 9607058763 
035 |l 10060434 
040 |a GR-MY-UA  |b gre  |e aacr 
041 1 |a gre  |h fre 
082 7 |a 301   |2 (22) 
100 1 |a Morin, Edgar. 
245 1 0 |a Κοινωνιολογία /   |c Εντγκάρ Μορέν ; μετάφραση από τα γαλλικά: Δημήτρης Δημουλάς.  
260 |a Αθήνα :   |b Εκδόσεις του Εικοστού Πρώτου,   |c c1998.  
300 |a 554 σ. ;   |c 22 εκ.  
500 |a Έκδοση αναθεωρημένη και επαυξημένη από τον συγγραφέα.  
500 |a Μετάφραση του: La Sociologie.  
650 0 0 |a Sociology. 
700 1 |a Δημουλάς, Δημήτρης,  |e trl 
765 0 8 |i Μετάφραση του:   |t Sociologie / 
852 |a INST  |b LESVOS  |e 20000508  |h 301 MOR  |p 005100020120  |q 005100020120  |t BK  |y 0 
901 |a BIBL1-2000-2 
909 |a Λ  |b 073997 
922 |a 1ΕΛΗ  |b 200001  |c ΤΑΚ/ΤΚ  |d ΠΑΠΑΣΩΤΗΡΙΟΥ 
970 |a ΑΙΒΑΤΖΙΔΟΥ  |b ΕΛΕΝΗ  |z 2000/05/10